Catholic University of Zimbabwe Library
Online Public Access Catalogue
(OPAC)

Corporate finance : (Record no. 6010)

MARC details
000 -LEADER
fixed length control field 00613cam a22002052 4500
001 - CONTROL NUMBER
control field 0000006264
005 - DATE AND TIME OF LATEST TRANSACTION
control field 20170406121348.0
008 - FIXED-LENGTH DATA ELEMENTS--GENERAL INFORMATION
fixed length control field 160324s xx 000 0 eng d
020 ## - INTERNATIONAL STANDARD BOOK NUMBER
International Standard Book Number 9780195989830 :
Terms of availability $47.83
040 ## - CATALOGING SOURCE
Original cataloging agency Your Holding Symbol
Transcribing agency Your Holding Symbol
100 1# - MAIN ENTRY--PERSONAL NAME
Personal name Toit Elda DU.
245 10 - TITLE STATEMENT
Title Corporate finance :
Remainder of title a southafrican perspectve.
250 ## - EDITION STATEMENT
Edition statement ed.
260 ## - PUBLICATION, DISTRIBUTION, ETC.
Place of publication, distribution, etc. Cape Town :
Name of publisher, distributor, etc. Oxford universty press,
Date of publication, distribution, etc. 2012.
300 ## - PHYSICAL DESCRIPTION
Extent 489 p. :
Other physical details ill ;
Dimensions cm.
504 ## - BIBLIOGRAPHY, ETC. NOTE
Bibliography, etc. note index.
650 #0 - SUBJECT ADDED ENTRY--TOPICAL TERM
Topical term or geographic name entry element corporate finance.
908 ## - PUT COMMAND PARAMETER (RLIN)
Put command parameter 160324
Holdings
Withdrawn status Lost status Source of classification or shelving scheme Damaged status Not for loan Home library Current library Shelving location Date acquired Total Checkouts Full call number Barcode Date last seen Date last checked out Price effective from Koha item type Copy number
          CUZ Harare Campus CUZ Harare Campus Open Shelf 06.04.2017 1 HG 4264.3 TOI BK0007982 22.05.2025 03.02.2020 06.04.2017 OS Book  
          CUZ Harare Campus CUZ Harare Campus Open Shelf 06.04.2017 1 HG 4264.3 TOI BK0008003 22.05.2025 14.01.2020 06.04.2017 OS Book CU13411

OPENING HOURS

Weekdays: 0815hrs - 1800hrs
Weekends:0900hrs - 1200hrs

Closed for Mass:

Mon, Thur: 1200hrs - 1300hrs
Sunday & Public Holiday’s

CALL SUPPORT

0242-570570, 0242-570169
09200664, +263 8644140602

LOCATION

18443, Cranborne Avenue, Hatfield, Harare

Other Links


©2021 | CUZ Library